00382nam a22001457a 4500003000400000005001700004008004100021020001800062040002700080100002200107245007000129250000900199260002000208300000800228OSt20260330100049.0260330b |||||||| |||| 00| 0 eng d a9788123924809 cIIMT UNIVERSITY MEERUT a Ranjan Magazine  aNational and International Pharmaceutical and Cosmetics Marketing a2014 aNEW DELHIbCBS a274